The Beach at Sainte-Adresse from Monet Paintings and Drawings at the Art Institute of Chicago (Record no. 351428)
[ view plain ]
| 000 -LEADER | |
|---|---|
| fixed length control field | 00451nam a2200121Ia 4500 |
| 008 - FIXED-LENGTH DATA ELEMENTS--GENERAL INFORMATION | |
| fixed length control field | 171212s9999 xx 000 0 und d |
| 020 ## - INTERNATIONAL STANDARD BOOK NUMBER | |
| International Standard Book Number | 9780865592698 |
| 100 ## - MAIN ENTRY--PERSONAL NAME | |
| Personal name | Groom, Gloria;Shaw, Jill |
| 245 ## - TITLE STATEMENT | |
| Statement of responsibility, etc | Groom, Gloria;Shaw, Jill |
| Title | The Beach at Sainte-Adresse from Monet Paintings and Drawings at the Art Institute of Chicago |
| 260 ## - PUBLICATION, DISTRIBUTION, ETC. (IMPRINT) | |
| Name of publisher, distributor, etc | Art Institute of Chicago |
| Date of publication, distribution, etc | 2014 |
| 650 ## - SUBJECT ADDED ENTRY--TOPICAL TERM | |
| Topical term or geographic name as entry element | Art & Art History |
| 856 ## - ELECTRONIC LOCATION AND ACCESS | |
| Uniform Resource Identifier | <a href="http://jstor.org/stable/j.ctt1vjqpmr">http://jstor.org/stable/j.ctt1vjqpmr</a> |
| Withdrawn status | Lost status | Damaged status | Home library | Current library | Date acquired | Total Checkouts | Date last seen | Price effective from | Koha item type |
|---|---|---|---|---|---|---|---|---|---|
| College Library | College Library | 12/12/2017 | 12/12/2017 | 12/12/2017 | Curriculum - Based eBooks |